[Event "Kaluga Tsiolkovsky Memorial op"]
[Site "Kaluga"]
[Date "2016.08.10"]
[Round "5"]
[White "Sergeev, Yury I"]
[Black "Tarasov, Igor"]
[Result "0-1"]
[WhiteElo "2035"]
[BlackElo "2258"]
[PlyCount "90"]
[EventDate "2016.08.06"]
[EventType "swiss"]
[EventRounds "9"]
[EventCountry "RUS"]
[SourceTitle "CBM 174 Extra"]
[Source "ChessBase"]
[SourceDate "2016.10.10"]
[SourceVersion "1"]
[SourceVersionDate "2016.10.10"]
[SourceQuality "1"]

1. d4 Nf6 2. c4 e6 3. Nc3 Bb4 4. Nf3 b6 5. Bg5 h6 6. Bh4 Bxc3+ 7. bxc3 d6 8. Nd2 Bb7 9. f3 Nbd7 10. Qc2 Nf8 11. e3 Qe7 12. Bd3 e5 13. 0-0 g5 14. Bf2 Ne6 15. Bf5 Ng7 16. Qa4+ Nd7 17. Be4 Bxe4 18. Nxe4 f5 19. Nd2 0-0 20. Rab1 Nf6 21. Rb2 e4 22. Qc6 exf3 23. gxf3 Rae8 24. a4 g4 25. a5 gxf3 26. Qxf3 Ne4 27. axb6 axb6 28. Ra1 Qg5+ 29. Kh1 Nxf2+ 30. Qxf2 Qxe3 31. Qg2 Qe2 32. Rba2 Qxg2+ 33. Kxg2 Re2+ 34. Kg1 Re3 35. Rc1 f4 36. Kf2 Rfe8 37. Nf1 Rh3 38. Rb2 Nf5 39. Kg2 Rd3 40. Rf2 Nh4+ 41. Kg1 Re4 42. Ra2 Kf7 43. Kf2 Rf3+ 44. Kg1 Re6 45. Rf2 Rg6+ 0-1

[Event "Kaluga Tsiolkovsky Memorial op"]
[Site "Kaluga"]
[Date "2013.08.10"]
[Round "8"]
[White "Nozdrachev, Vladislav"]
[Black "Tarasov, Igor"]
[Result "1-0"]
[WhiteElo "2463"]
[BlackElo "2289"]
[PlyCount "63"]
[EventDate "2013.08.03"]
[EventType "swiss"]
[EventRounds "9"]
[EventCountry "RUS"]
[SourceTitle "CBM 156 Extra"]
[Source "ChessBase"]
[SourceDate "2013.10.22"]
[SourceVersion "1"]
[SourceVersionDate "2013.10.22"]
[SourceQuality "1"]

1. e4 e5 2. Nf3 Nc6 3. Bb5 g6 4. d4 exd4 5. Bg5 Be7 6. Bxe7 Qxe7 7. Bxc6 bxc6 8. Qxd4 Nf6 9. e5 Nd5 10. 0-0 Bb7 11. Re1 c5 12. Qe4 f5 13. Qe2 Nf4 14. Qe3 g5 15. Nc3 0-0-0 16. b4 cxb4 17. Rab1 d5 18. Qxa7 Ne6 19. Na4 d4 20. a3 g4 21. Rxb4 Qxb4 22. axb4 gxf3 23. Nc5 Nxc5 24. bxc5 Rhe8 25. Rb1 Bc6 26. gxf3 Kd7 27. Qa1 Ke6 28. Qa6 Kd5 29. f4 Ra8 30. Qd3 Kxc5 31. c3 Kd5 32. Qf3+ 1-0

[Event "Kaluga Tsiolkovsky Memorial op"]
[Site "Kaluga"]
[Date "2013.08.08"]
[Round "6"]
[White "Tarasov, Igor"]
[Black "Danin, Alexandre"]
[Result "1/2-1/2"]
[WhiteElo "2289"]
[BlackElo "2598"]
[PlyCount "84"]
[EventDate "2013.08.03"]
[EventType "swiss"]
[EventRounds "9"]
[EventCountry "RUS"]
[SourceTitle "CBM 156 Extra"]
[Source "ChessBase"]
[SourceDate "2013.10.22"]
[SourceVersion "1"]
[SourceVersionDate "2013.10.22"]
[SourceQuality "1"]

1. e4 c5 2. c3 d5 3. exd5 Qxd5 4. d4 Nf6 5. Nf3 e6 6. Be2 Nc6 7. 0-0 cxd4 8. cxd4 Be7 9. Nc3 Qd6 10. Nb5 Qd8 11. Bf4 Nd5 12. Bg3 a6 13. Nc3 0-0 14. Ne5 Nxc3 15. bxc3 Nxe5 16. Bxe5 Bd6 17. Bxd6 Qxd6 18. Bf3 Rb8 19. a4 Bd7 20. Qb3 Rfc8 21. c4 Bc6 22. d5 Bd7 23. Rfd1 Qc5 24. dxe6 Bxe6 25. Bd5 Re8 26. h3 Bxd5 27. Rxd5 Qc7 28. Rad1 h6 29. c5 Re7 30. Qb6 Rbe8 31. Rd6 g6 32. g3 Rc8 33. R1d5 Re1+ 34. Kg2 Qe7 35. Rd4 Re8 36. Qb3 Qe2 37. Qd3 Qxd3 38. Rxd3 Rc1 39. Rd7 Rxc5 40. Rxb7 Re4 41. Rf3 Rf5 42. Rxf5 gxf5 1/2-1/2

[Event "Kaluga Tsiolkovsky Memorial op"]
[Site "Kaluga"]
[Date "2013.08.06"]
[Round "4"]
[White "Tarasov, Igor"]
[Black "Lushnikov, Evgeny"]
[Result "1-0"]
[WhiteElo "2289"]
[BlackElo "2032"]
[PlyCount "111"]
[EventDate "2013.08.03"]
[EventType "swiss"]
[EventRounds "9"]
[EventCountry "RUS"]
[SourceTitle "CBM 156 Extra"]
[Source "ChessBase"]
[SourceDate "2013.10.22"]
[SourceVersion "1"]
[SourceVersionDate "2013.10.22"]
[SourceQuality "1"]

1. e4 c5 2. Nf3 d6 3. h3 Nf6 4. c3 Nc6 5. Bd3 g6 6. 0-0 Bg7 7. Bc2 0-0 8. d4 cxd4 9. cxd4 Nb4 10. Bb3 d5 11. e5 Ne4 12. Bf4 Bf5 13. Ne1 h6 14. f3 Ng5 15. Nc3 Ne6 16. Be3 Nc7 17. Qd2 Kh7 18. Rc1 Nc6 19. Na4 Bc8 20. Nd3 Ne6 21. Nb4 Nxb4 22. Qxb4 b6 23. f4 Ba6 24. Rf2 Bd3 25. Qd2 Be4 26. Nc3 f5 27. exf6 Rxf6 28. Nxe4 dxe4 29. d5 Nc5 30. Rxc5 bxc5 31. Bxc5 Qc7 32. Bd4 Rf5 33. Bxg7 Kxg7 34. Qd4+ Rf6 35. Qxe4 Raf8 36. g3 Qd6 37. Kg2 h5 38. h4 Rc8 39. Re2 Rc7 40. Qd4 Kh7 41. Re5 Qb6 42. Qe4 Kh6 43. Rxe7 Rc1 44. Qe3 Qxe3 45. Rxe3 Rb1 46. Re2 a5 47. Kf3 Rg1 48. Ba4 Rd6 49. Bc6 Rc1 50. a3 Rc4 51. Re4 Rc2 52. b4 axb4 53. axb4 Rcxc6 54. dxc6 Rxc6 55. b5 Rc3+ 56. Re3 1-0

[Event "Kaluga Tsiolkovsky Memorial op"]
[Site "Kaluga"]
[Date "2012.08.01"]
[Round "3"]
[White "Danin, Alexandre"]
[Black "Tarasov, Igor"]
[Result "1-0"]
[WhiteElo "2525"]
[BlackElo "2319"]
[PlyCount "64"]
[EventDate "2012.07.30"]
[EventType "swiss"]
[EventRounds "9"]
[EventCountry "RUS"]
[SourceTitle "EXT 2014"]
[Source "ChessBase"]
[SourceDate "2013.11.20"]
[SourceVersion "1"]
[SourceVersionDate "2013.11.20"]
[SourceQuality "1"]

1. e4 e5 2. Nf3 Nc6 3. d4 exd4 4. Nxd4 Bc5 5. Nxc6 Qf6 6. Qf3 bxc6 7. Nd2 d6 8. Nb3 Bb6 9. Bd2 Qxf3 10. gxf3 Ne7 11. a4 a5 12. Rg1 Ng6 13. Be3 Bxe3 14. fxe3 Ne5 15. Be2 g6 16. Nd4 Bb7 17. h4 Ke7 18. Kf2 c5 19. Nb5 c6 20. Na3 d5 21. exd5 cxd5 22. Rad1 Rhd8 23. Rd2 f5 24. Rgd1 h6 25. Nb5 Rac8 26. Rf1 Rf8 27. Nc3 Ke6 28. f4 Nd7 29. e4 d4 30. exf5+ Ke7 31. Re1 Kd8 32. Nb5 gxf5 1-0

[Event "Kaluga Tsiolkovsky Memorial op"]
[Site "Kaluga"]
[Date "2012.07.30"]
[Round "2"]
[White "Tarasov, Igor"]
[Black "Shalin, Alexey"]
[Result "1-0"]
[WhiteElo "2319"]
[BlackElo "2132"]
[PlyCount "27"]
[EventDate "2012.07.30"]
[EventType "swiss"]
[EventRounds "9"]
[EventCountry "RUS"]
[SourceTitle "EXT 2014"]
[Source "ChessBase"]
[SourceDate "2013.11.20"]
[SourceVersion "1"]
[SourceVersionDate "2013.11.20"]
[SourceQuality "1"]

1. e4 c5 2. Nf3 Nc6 3. c3 d5 4. exd5 Qxd5 5. d4 e5 6. Nxe5 Nxe5 7. dxe5 Qxe5+ 8. Be3 Bd7 9. Na3 Nf6 10. Qf3 0-0-0 11. 0-0-0 Be7 12. Bf4 Qh5 13. g4 Bxg4 14. Qc6+ 1-0

[Event "RUS-chT Regions"]
[Site "Tula"]
[Date "2009.11.??"]
[Round "1"]
[White "Potapov, Pavel"]
[Black "Tarasov, Igor"]
[Result "1/2-1/2"]
[WhiteElo "2442"]
[BlackElo "2340"]
[PlyCount "107"]
[EventDate "2009.11.??"]
[EventType "team-tourn"]
[EventRounds "9"]
[EventCountry "RUS"]
[SourceTitle "EXT 2011"]
[Source "ChessBase"]
[SourceDate "2010.11.26"]
[SourceVersion "1"]
[SourceVersionDate "2010.11.26"]
[SourceQuality "1"]

1. e4 e5 2. Nf3 Nc6 3. Nc3 Nf6 4. d4 exd4 5. Nxd4 Bb4 6. Nxc6 bxc6 7. Bd3 d5 8. exd5 cxd5 9. 0-0 0-0 10. Bg5 c6 11. Qf3 h6 12. Bxf6 Qxf6 13. Qxf6 gxf6 14. Ne2 Bd6 15. Rad1 Be6 16. b3 Rab8 17. Ng3 Be5 18. f4 Bd4+ 19. Kh1 c5 20. Be2 Rfd8 21. Rd3 f5 22. Rdd1 Be3 23. Bd3 c4 24. Bxf5 cxb3 25. axb3 Rb4 26. Bxe6 fxe6 27. Rf3 Bb6 28. h3 Kf7 29. Re1 Bc7 30. Nh5 Re4 31. Ref1 Re2 32. Rc3 Bb6 33. Rc6 Ke7 34. f5 Rf8 35. Ng7 exf5 36. Nxf5+ Kd7 37. Rxh6 Bc7 38. Rh7+ Kd8 39. g4 Rxc2 40. Rd1 Bb6 41. Rb7 Rf6 42. Rxd5+ Kc8 43. Re7 Bc7 44. Kg1 Ra6 45. Ne3 Bb6 46. Re8+ Kb7 47. Re7+ Kc6 48. Re6+ Kc7 49. Kf1 Rh2 50. Re7+ Kc6 51. Re6+ Kc7 52. Re7+ Kc6 53. Re6+ Kc7 54. Re7+ 1/2-1/2

[Event "RUS-chT Regions"]
[Site "Tula"]
[Date "2009.11.??"]
[Round "9"]
[White "Tarasov, Igor"]
[Black "Maletin, Pavel"]
[Result "0-1"]
[WhiteElo "2340"]
[BlackElo "2571"]
[PlyCount "118"]
[EventDate "2009.11.??"]
[EventType "team-tourn"]
[EventRounds "9"]
[EventCountry "RUS"]
[SourceTitle "EXT 2011"]
[Source "ChessBase"]
[SourceDate "2010.11.26"]
[SourceVersion "1"]
[SourceVersionDate "2010.11.26"]
[SourceQuality "1"]

1. e4 c5 2. Nf3 d6 3. c3 Nf6 4. Bd3 Nc6 5. Bc2 Bg4 6. d3 e6 7. Nbd2 d5 8. h3 Bh5 9. 0-0 Qc7 10. Qe1 Bd6 11. Ba4 Be7 12. Nh2 g5 13. f4 gxf4 14. e5 Nd7 15. Ndf3 Nb6 16. Bc2 Bg6 17. Rf2 d4 18. c4 0-0-0 19. a3 f5 20. exf6 Bxf6 21. Qxe6+ Nd7 22. Qg4 Nce5 23. Nxe5 Bxe5 24. Bxf4 Bxf4 25. Rxf4 Rhg8 26. Ba4 Bxd3 27. Bxd7+ Qxd7 28. Qh5 Qd6 29. Rg4 Bg6 30. Qg5 h5 31. Rf4 Be4 32. Qxg8 Rxg8 33. Rxe4 Qg3 34. Re2 Qd3 35. Rae1 Qxc4 36. Nf3 Rd8 37. Kh1 Kb8 38. Rd2 Qb3 39. Re5 Rd5 40. Re7 d3 41. Ne5 Qb5 42. Rf2 a6 43. Rd2 c4 44. Nf3 Qc5 45. Re4 Ka7 46. g4 hxg4 47. hxg4 Rd7 48. Kg2 b5 49. Re5 Qc6 50. Kg3 Rf7 51. Ng5 Rg7 52. Kf4 Qd6 53. Ke4 Re7 54. Nf3 Qc6+ 55. Kf4 Rf7+ 56. Rf5 Qh6+ 57. g5 Qd6+ 58. Ke4 Qc6+ 59. Kf4 Rxf5+ 0-1

[Event "Kaluga Tsiolkovsky Memorial op"]
[Site "Kaluga"]
[Date "2007.08.12"]
[Round "9"]
[White "Tologontegin, Semetey"]
[Black "Tarasov, Igor"]
[Result "0-1"]
[WhiteElo "2320"]
[BlackElo "2337"]
[PlyCount "40"]
[EventDate "2007.08.03"]
[EventType "swiss"]
[EventRounds "9"]
[EventCountry "RUS"]
[SourceTitle "CBM 119 Extra"]
[Source "ChessBase"]
[SourceDate "2007.09.04"]
[SourceVersion "1"]
[SourceVersionDate "2007.09.04"]
[SourceQuality "1"]

1. e4 e5 2. Nf3 Nc6 3. Bb5 Bc5 4. c3 f5 5. d4 fxe4 6. Bxc6 dxc6 7. Nxe5 Bd6 8. Qh5+ g6 9. Nxg6 Nf6 10. Qh6 Rg8 11. Ne5 Rxg2 12. Bg5 Bxe5 13. dxe5 Bg4 14. Bd2 Qd3 15. Qe3 Qc2 16. Kf1 Nd5 17. Qh6 Bf3 18. Qe6+ Ne7 19. Qc4 b5 20. Qd4 Qd1+ 0-1

[Event "RUS Central Region-ch"]
[Site "Tula"]
[Date "2004.03.18"]
[Round "5"]
[White "Tarasov, Igor"]
[Black "Kulicov, Oleg Anatolie"]
[Result "0-1"]
[WhiteElo "2289"]
[BlackElo "2422"]
[PlyCount "96"]
[EventDate "2004.03.14"]
[EventType "swiss"]
[EventRounds "9"]
[EventCountry "RUS"]
[SourceTitle "EXT 2005"]
[Source "ChessBase"]
[SourceDate "2004.11.15"]
[SourceVersion "1"]
[SourceVersionDate "2004.11.15"]
[SourceQuality "1"]

1. e4 c5 2. c3 Nf6 3. e5 Nd5 4. Nf3 e6 5. Bc4 d6 6. 0-0 Be7 7. exd6 Qxd6 8. d3 0-0 9. Nbd2 Nc6 10. Ne4 Qc7 11. d4 cxd4 12. cxd4 Ncb4 13. Bb3 Nf6 14. Nc3 Rd8 15. Bg5 Nfd5 16. Nxd5 Nxd5 17. Rc1 Qd6 18. Bxd5 Bxg5 19. Nxg5 Qxd5 20. Qh5 Qf5 21. Rc7 Bd7 22. g4 Qg6 23. Qxg6 hxg6 24. Re1 Be8 25. Rxb7 Rxd4 26. h3 Rd7 27. Rxd7 Bxd7 28. Rc1 Rc8 29. Rxc8+ Bxc8 30. f4 Bb7 31. Kf2 Bd5 32. a3 f6 33. Nf3 Kf7 34. Ke3 Ke7 35. g5 Bc4 36. Nd2 Bd5 37. Kd4 Kd6 38. Nc4+ Bxc4 39. Kxc4 e5 40. f5 gxf5 41. g6 f4 42. h4 Ke6 43. b4 Kf5 44. h5 Kg5 45. b5 Kxh5 46. Kd3 Kg4 47. a4 f3 48. a5 Kg3 0-1

[Event "Voronezh Master op"]
[Site "Voronezh"]
[Date "2003.06.13"]
[Round "2"]
[White "Tarasov, Igor"]
[Black "Zakhartsov, Viacheslav V"]
[Result "0-1"]
[WhiteElo "2276"]
[BlackElo "2515"]
[PlyCount "56"]
[EventDate "2003.06.12"]
[EventType "swiss"]
[EventRounds "9"]
[EventCountry "RUS"]
[SourceTitle "CBM 094 Extra"]
[Source "ChessBase"]
[SourceDate "2003.07.09"]
[SourceVersion "2"]
[SourceVersionDate "2003.07.09"]
[SourceQuality "1"]

1. e4 e6 2. d4 d5 3. Nd2 a6 4. Ngf3 c5 5. dxc5 Bxc5 6. Bd3 Nc6 7. a3 Nge7 8. 0-0 0-0 9. exd5 exd5 10. Nb3 Bd7 11. Re1 Nf5 12. Bf4 Qf6 13. Qc1 h6 14. c3 Be6 15. Qd2 d4 16. c4 g5 17. Bg3 Nxg3 18. hxg3 Rac8 19. Rac1 g4 20. Nh4 Ne5 21. Rxe5 Qxe5 22. Qxh6 Qg7 23. Qh5 Rfe8 24. Nf5 Bxf5 25. Bxf5 Re5 26. Qxg4 Rce8 27. Kf1 Re2 28. Qf4 d3 0-1

[Event "Kaluga Tsiolkovsky Memorial op"]
[Site "Kaluga"]
[Date "2003.??.??"]
[Round "7"]
[White "Guskov, Yuri Petrovich"]
[Black "Tarasov, Igor"]
[Result "0-1"]
[WhiteElo "2355"]
[BlackElo "2276"]
[PlyCount "114"]
[EventDate "2003.??.??"]
[EventType "swiss"]
[EventRounds "9"]
[EventCountry "RUS"]
[SourceTitle "EXT 2005"]
[Source "ChessBase"]
[SourceDate "2004.11.15"]
[SourceVersion "1"]
[SourceVersionDate "2004.11.15"]
[SourceQuality "1"]

1. e4 e5 2. Nf3 Nc6 3. Bb5 g6 4. d4 exd4 5. Bg5 Be7 6. Bf4 Nf6 7. e5 Nh5 8. Bh6 Bf8 9. Qd2 Qe7 10. 0-0 Bxh6 11. Qxh6 Qf8 12. Qc1 Qc5 13. Ba4 0-0 14. Re1 d6 15. Bxc6 bxc6 16. Qh6 dxe5 17. Rxe5 Qd6 18. Nbd2 f6 19. Re4 c5 20. Rae1 Bf5 21. Re7 Rf7 22. Rxf7 Kxf7 23. Qxh7+ Ng7 24. h3 g5 25. Qh6 Bxc2 26. h4 gxh4 27. Ne4 Bxe4 28. Rxe4 Rg8 29. Rf4 Ne8 30. Rxh4 d3 31. Qh5+ Kf8 32. Rc4 d2 33. Qh6+ Kf7 34. Nxd2 Rg5 35. Nf3 Rd5 36. g3 Rd1+ 37. Kg2 Qd3 38. Qh5+ Kf8 39. Nh2 Qxc4 40. Qxd1 Qxa2 41. Qd2 Qe6 42. Nf1 Ke7 43. Ne3 Nd6 44. Nd5+ Kd7 45. f3 Kc6 46. Nf4 Qe5 47. Qc2 Qd4 48. Ne6 Qc4 49. Qxc4 Nxc4 50. Nd8+ Kd5 51. g4 Nxb2 52. f4 Nd3 53. Kf3 a5 54. Ke3 Nxf4 55. Kxf4 a4 56. Nb7 a3 57. Na5 c4 0-1

[Event "Kaluga Tsiolkovsky Memorial op"]
[Site "Kaluga"]
[Date "2003.??.??"]
[Round "4"]
[White "Yandemirov, Valeri"]
[Black "Tarasov, Igor"]
[Result "1/2-1/2"]
[WhiteElo "2469"]
[BlackElo "2276"]
[PlyCount "144"]
[EventDate "2003.??.??"]
[EventType "swiss"]
[EventRounds "9"]
[EventCountry "RUS"]
[SourceTitle "EXT 2005"]
[Source "ChessBase"]
[SourceDate "2004.11.15"]
[SourceVersion "1"]
[SourceVersionDate "2004.11.15"]
[SourceQuality "1"]

1. e4 e5 2. Nf3 Nc6 3. Bb5 Bc5 4. 0-0 Nd4 5. Nxd4 Bxd4 6. c3 Bb6 7. d4 c6 8. Bc4 d6 9. dxe5 dxe5 10. Qxd8+ Bxd8 11. a4 Nf6 12. a5 Nxe4 13. Re1 Nc5 14. Rxe5+ Ne6 15. Re1 0-0 16. Be3 Bc7 17. Nd2 Bd7 18. Ne4 Rfd8 19. Red1 Be8 20. Rxd8 Nxd8 21. Nc5 Kf8 22. Re1 b6 23. Na6 Bd6 24. axb6 axb6 25. Bxb6 Ne6 26. Be3 Bd7 27. Nb4 Bxb4 28. cxb4 Rb8 29. b3 Ra8 30. h3 Ra2 31. Bc5+ Nxc5 32. bxc5 Rc2 33. Ra1 Be6 34. Bxe6 fxe6 35. b4 Rb2 36. Ra8+ Ke7 37. Rb8 g5 38. Rb6 h5 39. g3 Kf6 40. Kg2 g4 41. hxg4 hxg4 42. Kf1 Ke5 43. Rxc6 Rxb4 44. Rc8 Rb1+ 45. Kg2 Rc1 46. c6 Kd6 47. Rd8+ Ke5 48. Rg8 Rxc6 49. Rxg4 Kf5 50. Rf4+ Kg5 51. Kf3 Rc5 52. Ke4 Ra5 53. Rf8 Rb5 54. f3 Ra5 55. Rh8 Rb5 56. g4 Kg6 57. f4 Rb1 58. Ke5 Re1+ 59. Kd6 Re4 60. Rf8 Kg7 61. Ke7 Ra4 62. Rf7+ Kg6 63. Rf6+ Kg7 64. g5 Re4 65. Rf8 Kg6 66. Rf7 e5 67. Rf6+ Kh5 68. g6 exf4+ 69. Kf7 Ra4 70. g7 Ra7+ 71. Kg8 Rxg7+ 72. Kxg7 Kg4 1/2-1/2

[Event "Kaluga Region-ch"]
[Site "Kaluga"]
[Date "2002.??.??"]
[Round "?"]
[White "Tarasov, Igor"]
[Black "Klimenko, Veronica"]
[Result "1-0"]
[WhiteElo "2276"]
[BlackElo "2101"]
[PlyCount "64"]
[EventDate "2002.??.??"]
[EventType "tourn"]
[EventRounds "11"]
[EventCountry "RUS"]
[SourceTitle "EXT 2010"]
[Source "ChessBase"]
[SourceDate "2010.11.25"]
[SourceVersion "1"]
[SourceVersionDate "2010.11.25"]
[SourceQuality "1"]

1. e4 c5 2. Nf3 Nc6 3. Bb5 e6 4. 0-0 Nge7 5. Re1 Ng6 6. Bxc6 bxc6 7. d3 Be7 8. Nbd2 0-0 9. Nc4 d6 10. e5 d5 11. Ne3 Qc7 12. Nf1 f6 13. Qe2 fxe5 14. Nxe5 Nxe5 15. Qxe5 Bd6 16. Qh5 Rb8 17. b3 g6 18. Qe2 Rb4 19. c4 Rb7 20. g3 Qg7 21. Bb2 d4 22. Nd2 Rbf7 23. Ne4 Be7 24. Ba3 Qh6 25. Rf1 Rf5 26. f4 g5 27. fxg5 Bxg5 28. Bxc5 Be3+ 29. Kg2 R8f7 30. Rxf5 Rxf5 31. Rf1 e5 32. Rxf5 Bxf5 1-0

[Event "Kaluga Region-ch"]
[Site "Kaluga"]
[Date "2002.??.??"]
[Round "?"]
[White "Tarasov, Igor"]
[Black "Zhelnin, Vladimir V"]
[Result "0-1"]
[WhiteElo "2276"]
[BlackElo "2480"]
[PlyCount "56"]
[EventDate "2002.??.??"]
[EventType "tourn"]
[EventRounds "11"]
[EventCountry "RUS"]
[SourceTitle "EXT 2010"]
[Source "ChessBase"]
[SourceDate "2010.11.25"]
[SourceVersion "1"]
[SourceVersionDate "2010.11.25"]
[SourceQuality "1"]

1. e4 c5 2. Nf3 d6 3. Bb5+ Nd7 4. c3 Ngf6 5. Qe2 a6 6. Ba4 e5 7. 0-0 Be7 8. d4 0-0 9. dxe5 dxe5 10. Rd1 Qc7 11. Nbd2 b5 12. Bc2 Bb7 13. Nf1 Rfe8 14. Bg5 h6 15. Bh4 Bf8 16. Rd2 Nh5 17. Ne3 Ndf6 18. Rad1 Nf4 19. Qe1 Nxe4 20. Rd7 Qc6 21. Nd5 Qxd7 22. Ne7+ Rxe7 23. Rxd7 Rxd7 24. Bxe4 Bxe4 25. Qxe4 Rd1+ 26. Ne1 f5 27. Qxe5 Bd6 28. Qe3 Kf7 0-1

[Event "Kaluga Region-ch"]
[Site "Kaluga"]
[Date "2002.??.??"]
[Round "?"]
[White "Timofeev, Vladimir F"]
[Black "Tarasov, Igor"]
[Result "1-0"]
[WhiteElo "2331"]
[BlackElo "2276"]
[PlyCount "46"]
[EventDate "2002.??.??"]
[EventType "tourn"]
[EventRounds "11"]
[EventCountry "RUS"]
[SourceTitle "EXT 2010"]
[Source "ChessBase"]
[SourceDate "2010.11.25"]
[SourceVersion "1"]
[SourceVersionDate "2010.11.25"]
[SourceQuality "1"]

1. e4 e5 2. Nf3 Nc6 3. Bb5 g6 4. d4 exd4 5. Bg5 Be7 6. h4 h6 7. Bf4 Nf6 8. e5 Nh5 9. Qd2 Bb4 10. c3 dxc3 11. Nxc3 Nxf4 12. Qxf4 Qe7 13. 0-0 b6 14. e6 fxe6 15. Bxc6 dxc6 16. Ne5 Bb7 17. Nxg6 Qg7 18. Nxh8 0-0-0 19. Qf7 Qxh8 20. Rad1 Rf8 21. Qxe6+ Kb8 22. Qd7 Bc8 23. Qd3 Rg8 1-0

[Event "Kaluga op"]
[Site "Kaluga"]
[Date "2000.??.??"]
[Round "?"]
[White "Tarasov, Igor"]
[Black "Kharitonov, Alexandr"]
[Result "1-0"]
[WhiteElo "2257"]
[BlackElo "2260"]
[PlyCount "114"]
[EventDate "2000.??.??"]
[EventType "swiss"]
[EventRounds "9"]
[EventCountry "RUS"]
[SourceTitle "EXT 2001"]
[Source "ChessBase"]
[SourceDate "2000.11.22"]
[SourceVersion "1"]
[SourceVersionDate "2000.11.22"]
[SourceQuality "1"]

1. e4 e5 2. Nf3 Nc6 3. Nc3 Nf6 4. Bb5 Bb4 5. 0-0 0-0 6. d3 d6 7. Bg5 Bxc3 8. bxc3 h6 9. Bh4 Qe7 10. Bxc6 bxc6 11. Qc1 Qe6 12. Qa3 Nh5 13. Qa5 Nf4 14. Bg3 Ne2+ 15. Kh1 f5 16. exf5 Rxf5 17. Nh4 Rf7 18. Rae1 Qg4 19. Nf3 Nxg3+ 20. fxg3 Be6 21. c4 c5 22. Qa6 Bc8 23. Qc6 Rb8 24. Qe8+ Rf8 25. Qxf8+ Kxf8 26. Nxe5+ Qf5 27. Nc6 Rb2 28. Nxa7 Kg8 29. Rxf5 Bxf5 30. Rc1 Bd7 31. Nb5 Bxb5 32. cxb5 Rxa2 33. h3 Rb2 34. c4 Rd2 35. Re1 Rxd3 36. Re7 Rd4 37. Rxc7 Rxc4 38. b6 Rc1+ 39. Kh2 Kh7 40. Rc6 Rd1 41. g4 Rd3 42. h4 Rd4 43. Kh3 c4 44. Kh2 c3 45. Rxc3 Rb4 46. Rc6 Rxg4 47. g3 d5 48. h5 Rb4 49. Kg2 Rb3 50. Kf2 Kg8 51. g4 Kf7 52. Ke2 d4 53. Kd2 d3 54. Ke3 Kf8 55. Rc8+ Kf7 56. Rc7+ Kf6 57. b7 g5 1-0

[Event "Kaluga op"]
[Site "Kaluga"]
[Date "2000.??.??"]
[Round "?"]
[White "Tarasov, Igor"]
[Black "Klimenko, Veronica"]
[Result "1-0"]
[WhiteElo "2257"]
[BlackElo "2082"]
[PlyCount "71"]
[EventDate "2000.??.??"]
[EventType "swiss"]
[EventRounds "9"]
[EventCountry "RUS"]
[SourceTitle "EXT 2001"]
[Source "ChessBase"]
[SourceDate "2000.11.22"]
[SourceVersion "1"]
[SourceVersionDate "2000.11.22"]
[SourceQuality "1"]

1. e4 d6 2. d4 Nf6 3. Nc3 c6 4. Nf3 Bg4 5. Be2 Qa5 6. 0-0 e5 7. Be3 Nbd7 8. Nd2 Bxe2 9. Qxe2 Be7 10. Nc4 Qc7 11. a4 0-0 12. Rad1 Rfe8 13. f3 exd4 14. Bxd4 d5 15. Ne3 Bd6 16. g3 dxe4 17. fxe4 Be5 18. Nf5 Rad8 19. Kg2 Re6 20. Rd2 Rde8 21. Bxe5 Nxe5 22. Rfd1 g6 23. Nd6 Rf8 24. Qf2 Qb6 25. Qxb6 axb6 26. Nxb7 Nc4 27. Re2 Nxb2 28. Rd4 c5 29. Rd6 Nc4 30. Rxe6 fxe6 31. e5 Ng4 32. Nd1 Ngxe5 33. a5 Rb8 34. Nd6 Nxd6 35. Rxe5 Kf7 36. Ne3 1-0

[Event "RUS-chT2"]
[Site "Orel"]
[Date "1997.??.??"]
[Round "?"]
[White "Kobalia, Mihail"]
[Black "Tarasov, Igor"]
[Result "1/2-1/2"]
[WhiteElo "2545"]
[BlackElo "2350"]
[PlyCount "66"]
[EventDate "1997.??.??"]
[EventType "team"]
[EventRounds "10"]
[EventCountry "RUS"]
[SourceTitle "EXT 1999"]
[Source "ChessBase"]
[SourceDate "1998.11.16"]
[SourceVersion "1"]
[SourceVersionDate "1998.11.16"]
[SourceQuality "1"]

1. e4 e5 2. Nf3 Nc6 3. Nc3 Nf6 4. d4 exd4 5. Nxd4 Bb4 6. Nxc6 bxc6 7. Bd3 d5 8. exd5 cxd5 9. 0-0 0-0 10. Bg5 c6 11. Na4 h6 12. Bh4 Be6 13. c3 Be7 14. Re1 Nd7 15. Bxe7 Qxe7 16. Bc2 Rfe8 17. Qd3 Nf8 18. Qd4 Qd6 19. Re3 Bd7 20. Rxe8 Bxe8 21. b4 Ne6 22. Qd3 g6 23. Qe3 Kg7 24. Nc5 Nxc5 25. bxc5 Qf6 26. Rb1 Bd7 27. Qd4 Re8 28. Kf1 Bf5 29. Bxf5 gxf5 30. Rb7 Re4 31. Qxf6+ Kxf6 32. Rc7 Rc4 33. Rxc6+ Kg7 1/2-1/2

[Event "RUS-chT2"]
[Site "Orel"]
[Date "1997.??.??"]
[Round "?"]
[White "Nikitin, Andrey"]
[Black "Tarasov, Igor"]
[Result "1-0"]
[WhiteElo "2480"]
[BlackElo "2350"]
[PlyCount "69"]
[EventDate "1997.??.??"]
[EventType "team"]
[EventRounds "10"]
[EventCountry "RUS"]
[SourceTitle "EXT 1999"]
[Source "ChessBase"]
[SourceDate "1998.11.16"]
[SourceVersion "1"]
[SourceVersionDate "1998.11.16"]
[SourceQuality "1"]

1. e4 e5 2. Nf3 Nc6 3. Bc4 Nf6 4. d3 h6 5. c3 d6 6. Bb3 g6 7. Nbd2 Bg7 8. h3 Bd7 9. Nf1 Nh5 10. g3 Qc8 11. Ng1 Nd8 12. Be3 Ne6 13. Qd2 a5 14. 0-0-0 c5 15. f4 exf4 16. gxf4 g5 17. fxg5 hxg5 18. Nf3 f6 19. d4 c4 20. Bc2 Nef4 21. e5 Bxh3 22. exf6 Bxf6 23. Rg1 Qd8 24. Ng3 Bg4 25. Ba4+ Kf7 26. Rdf1 Bxf3 27. Rxf3 Nxg3 28. Rfxg3 Rh4 29. Rf3 Rh3 30. Rxh3 Nxh3 31. Rf1 g4 32. Qc2 Kg7 33. Qf5 Qe7 34. Bd2 Bg5 35. Qxg4 1-0